Implikácie hospodárskej krízy v eurozóne pre výučbu makroekonómie

Hlavné výzvy výučby predmetu "Makroekonómia". Makroekonomické vzdelávanie, aktuálnosť a otázky výučby makroekonómie. Vysokoškolské vzdelávanie, ktoré musí reflektovať ekonomické dianie a špecifiká súčasnosti.

Gespeichert in:
Bibliographische Detailangaben
1. Verfasser: Dujava, Daniel
Format: Buchkapitel
Sprache:Slowakisch
Schlagworte:
Tags: Tag hinzufügen
Keine Tags, Fügen Sie das erste Tag hinzu!

MARC

LEADER 00000nla a2200000 4500
001 0226695
005 20240712112058.8
041 0 |a slo 
044 |a SK 
245 1 0 |a Implikácie hospodárskej krízy v eurozóne pre výučbu makroekonómie  |c Daniel Dujava 
520 |a Hlavné výzvy výučby predmetu "Makroekonómia". Makroekonomické vzdelávanie, aktuálnosť a otázky výučby makroekonómie. Vysokoškolské vzdelávanie, ktoré musí reflektovať ekonomické dianie a špecifiká súčasnosti. 
610 2 0 |a školy vysoké 
610 2 0 |a vzdelávanie vysokoškolské 
610 2 0 |a štúdium vysokoškolské 
610 2 0 |a výučba vedecká 
610 2 0 |a predmety učebné 
610 2 0 |a makroekonomika 
100 1 |a Dujava, Daniel